Real Madrid Current Squad bt Photos (25/26) - Statistics

General Stats
  • This quiz has been taken 83 times
    41 since last reset
  • The average score is 22 of 25
Answer Stats
Picture Hint Answer % Correct
#13 Andriy Lunin
100%
#3 Éder Militão
96%
#5 Jude Bellingham
96%
#1 Thibaut Courtois
96%
#22 Antonio Rüdiger
93%
#2 Daniel Carvajal
93%
#4 David Alaba
93%
#6 Eduardo Camavinga
93%
#23 Ferland Mendy
93%
#10 Kylian Mbappé
93%
#12 Trent Alexander-Arnold
93%
#15 Arda Güler
89%
#14 Aurélien Tchouaméni
89%
#9 Endrick
89%
#7 Vinicius Junior
89%
#8 Federico Valverde
86%
#11 Rodrygo
86%
#21 Brahim Díaz
82%
#24 Dean Huijsen
82%
#20 Fran García
82%
#17 Raúl Asencio
79%
#19 Dani Ceballos
75%
#18 Álvaro Carreras
71%
#16 Gonzalo García
71%
#30 Franco Mastantuono
61%
No matching quizzes found
Score Distribution
Percent of People with Each Score
Percentile by Number Answered
Your Score History
You have not taken this quiz since the last reset